| 000 | 00517nam a22001457a 4500 | ||
|---|---|---|---|
| 020 | _a9780070077935 | ||
| 040 | _cNUST | ||
| 082 | _a658.15 CHA | ||
| 100 |
_aChandra, Prasanna _963391 |
||
| 245 |
_aProjects; _bPlanning, Analysis, Selection, Financing, Implementation and Review |
||
| 250 | _a7th Edition | ||
| 260 |
_aNew Dehli; _bTata McGraw Hill, _c2010. |
||
| 650 |
_aProjects Planning. Projects Analysis. Projects Selection. Projects Financing.Projects Implementation.Projects Review _9112381 |
||
| 942 |
_2ddc _cBK |
||
| 999 |
_c594746 _d594746 |
||